000 01061cad a22002535a 4500
001 L158871
008 121219e2015 xxk 000 0 eng d
035 _a(Sirsi) u158871
041 0 _aeng
100 1 _aAgarwal, Tushar
245 0 0 _aSelling point
_h[electronic resource]
260 _c2015
490 _aRICS Property Journal
_vSep-Oct 2015, 30-31(2)
520 _aLooks at why the real estate sector needs to join the on-demand service trend. Discusses the idea of Real-estate-as-a-Service (RaaS). The provision of physical space delivered instantly, for a specific use, for a flexible amount of time with minimal upfront cost.
650 2 4 _aREAL ESTATE INDUSTRY
650 2 4 _aFLEXIBLE LETTING
650 2 4 _aCONSUMER PREFERENCES
650 2 4 _aSHORT TERM OCCUPATION
651 4 _aUnited Kingdom
_y
690 _aCommercial property
_96227
710 _aRoyal Institution of Chartered Surveyors
_94900
856 4 0 _uhttps://www.rics.org/uk/news/journals/property-journal
_zView the journal free of charge at www.rics.org/journals...
942 _n0
999 _c84717
_d84717